000 00525nmm a2200217 a 4500
003 AR-BaBNM
005 20251128210102.0
008 189019s1984 ||||||||||||||000 | spa||
020 _a84-236-1812-9
040 _cAR-BaBNM
100 1 _aVives, Pau
245 1 0 _aPeñagolosa
_bdivertirse pensando
260 _aBarcelona
_bEdebé
_c1984
300 0 _a104 p.
_bil.
650 4 _aEDUCACION Y TIEMPO LIBRE
650 4 _aJUEGO
650 4 _aACTIVIDADES
650 4 _aPENSAMIENTO LOGICO
942 _cBK
998 _cRaquel
999 _c13979
_d13979